000 00712nam a2200301Ia 4500
001 13032
003 25340
005 20241002063729.0
008 ||||||n9999 ||| || ||
041 _aspa
082 _220
_a330986
110 _aCámara de Comercio de Bogotá (Colombia)
_94493
245 0 _aQue quedo de la emergencia economica
260 _aBogotá :
_bLa Camara,
_c1983.
300 _a272p.
562 _e2
650 _aCOLOMBIA
_921324
650 _aEMERGENCIA ECONOMICA
_94335
650 0 _aPolítica económica
_9154
942 _cBKM
999 _c13032
_d13032
526 _a116204
526 _a4969
526 _a19790
526 _a104436
526 _a5144
526 _a51868
526 _a1697